[Event "Asker-ch A"]
[Site "Asker"]
[Date "2018.05.14"]
[Round "8"]
[White "Hestvik, Elias"]
[Black "Lilleseth, Eivind"]
[Result "1-0"]
[WhiteElo "1584"]
[BlackElo "1623"]
[PlyCount "119"]
[EventDate "2018.02.19"]
[EventType "swiss"]
[EventRounds "9"]
[EventCountry "NOR"]
[SourceTitle "EXT 2023"]
[Source "ChessBase"]
[SourceDate "2022.10.05"]
[SourceVersion "1"]
[SourceVersionDate "2022.10.05"]
[SourceQuality "1"]

1. e4 e5 2. Nf3 Nc6 3. Nc3 Nf6 4. Bb5 Bd6 5. Bxc6 dxc6 6. d4 Bg4 7. dxe5 Bxf3 8. Qxf3 Bxe5 9. 0-0 Qe7 10. Bf4 0-0 11. Bxe5 Qxe5 12. Rad1 Rfe8 13. Rfe1 h6 14. Qe3 b6 15. f3 Rad8 16. Rd3 Rxd3 17. Qxd3 a5 18. Rd1 Re7 19. Qd4 Qe6 20. Rd2 h5 21. a4 g6 22. Ne2 g5 23. Qe3 Qe5 24. Qd4 Qe6 25. Qe3 Nh7 26. Nd4 Qf6 27. b3 h4 28. Kf2 Nf8 29. Nf5 Re5 30. Qd4 Kh7 31. Qd8 Qxd8 32. Rxd8 Ne6 33. Rd7 Kg6 34. Rd2 b5 35. Ne7+ Kf6 36. Nxc6 Rc5 37. axb5 Rxb5 38. Nd4 Rc5 39. Nxe6 fxe6 40. Ke3 Ke5 41. c4 a4 42. bxa4 Rxc4 43. Ra2 Rc3+ 44. Kd2 Rc6 45. a5 Ra6 46. Ke3 c5 47. Kd3 Kd6 48. Kc4 Kc6 49. e5 Ra8 50. a6 Kb6 51. a7 Kc6 52. Ra6+ Kb7 53. Rxe6 Kxa7 54. Kxc5 Rc8+ 55. Rc6 Re8 56. e6 Kb7 57. Kd5 h3 58. gxh3 Rh8 59. e7 Rg8 60. Rc3 1-0

[Event "Asker-ch A"]
[Site "Asker"]
[Date "2018.03.12"]
[Round "5"]
[White "Stolp, Aleksander"]
[Black "Hestvik, Elias"]
[Result "1-0"]
[WhiteElo "1381"]
[BlackElo "1584"]
[PlyCount "31"]
[EventDate "2018.02.19"]
[EventType "swiss"]
[EventRounds "9"]
[EventCountry "NOR"]
[SourceTitle "EXT 2023"]
[Source "ChessBase"]
[SourceDate "2022.10.05"]
[SourceVersion "1"]
[SourceVersionDate "2022.10.05"]
[SourceQuality "1"]

1. e4 e5 2. Nf3 Nc6 3. Bc4 Nd4 4. Nxd4 exd4 5. 0-0 c5 6. d3 d6 7. c3 dxc3 8. Nxc3 Nf6 9. Qb3 Qc7 10. Bf4 g6 11. Rfe1 Nh5 12. e5 d5 13. Nxd5 Qd8 14. Nf6+ Nxf6 15. exf6+ Kd7 16. Qb5# 1-0

[Event "Asker-ch A"]
[Site "Asker"]
[Date "2018.02.05"]
[Round "3"]
[White "Lovberget, Erik"]
[Black "Hestvik, Elias"]
[Result "0-1"]
[WhiteElo "1446"]
[BlackElo "1584"]
[PlyCount "57"]
[EventDate "2018.02.19"]
[EventType "swiss"]
[EventRounds "9"]
[EventCountry "NOR"]
[SourceTitle "EXT 2023"]
[Source "ChessBase"]
[SourceDate "2022.10.05"]
[SourceVersion "1"]
[SourceVersionDate "2022.10.05"]
[SourceQuality "1"]

1. e4 e5 2. Nf3 Nc6 3. Bb5 Nf6 4. 0-0 Bc5 5. d3 d6 6. c3 Bg4 7. Nbd2 0-0 8. h3 Bh5 9. Re1 a6 10. Ba4 Re8 11. Nf1 b5 12. Bc2 b4 13. Be3 bxc3 14. bxc3 Bxe3 15. Nxe3 Na7 16. a4 Rb8 17. Nc4 d5 18. Ncd2 c6 19. Rb1 Qa5 20. Rxb8 Rxb8 21. exd5 Qxc3 22. Nb1 Bxf3 23. Nxc3 Bxd1 24. Nxd1 cxd5 25. Rxe5 Nc6 26. Re2 Nd4 27. Rd2 g6 28. Kf1 Rb4 29. Ne3 0-1

[Event "Oslo OSS GP"]
[Site "Oslo"]
[Date "2017.12.08"]
[Round "1"]
[White "Huse, Lars Paul"]
[Black "Hestvik, Elias"]
[Result "0-1"]
[WhiteElo "1138"]
[BlackElo "1509"]
[PlyCount "32"]
[EventDate "2017.12.08"]
[EventType "swiss"]
[EventRounds "5"]
[EventCountry "NOR"]
[SourceTitle "EXT 2024"]
[Source "ChessBase"]
[SourceDate "2023.10.10"]
[SourceVersion "1"]
[SourceVersionDate "2023.10.10"]
[SourceQuality "1"]

1. e4 e5 2. Nf3 Nc6 3. d4 exd4 4. Nxd4 Bc5 5. Be3 Qf6 6. c3 d6 7. Qd2 h6 8. Nb5 Bxe3 9. Qxe3 Qe7 10. Be2 Nf6 11. Nd2 0-0 12. 0-0 Re8 13. f3 Nd5 14. Qd3 Nf4 15. Qe3 Qg5 16. g3 Nh3+ 0-1

[Event "Asker Autumn A"]
[Site "Asker"]
[Date "2017.10.30"]
[Round "7"]
[White "Hall, Torstein"]
[Black "Hestvik, Elias"]
[Result "1-0"]
[WhiteElo "1658"]
[BlackElo "1354"]
[PlyCount "87"]
[EventDate "2017.08.28"]
[EventType "swiss"]
[EventRounds "9"]
[EventCountry "NOR"]
[SourceTitle "EXT 2024"]
[Source "ChessBase"]
[SourceDate "2023.10.10"]
[SourceVersion "1"]
[SourceVersionDate "2023.10.10"]
[SourceQuality "1"]

1. e4 e5 2. f4 Bc5 3. Nf3 d6 4. c3 Nf6 5. d3 0-0 6. a4 c6 7. a5 a6 8. Qe2 Bg4 9. fxe5 dxe5 10. Be3 Nbd7 11. Qf2 Qe7 12. Be2 Rad8 13. 0-0 Bh5 14. h3 Rfe8 15. Na3 Bxe3 16. Qxe3 Nc5 17. Rad1 Bxf3 18. Qxf3 Nb3 19. Nc4 Nxa5 20. Ne3 Nb3 21. Nf5 Qf8 22. Kh2 Nc5 23. g4 Ne6 24. Qg3 Nf4 25. Rxf4 exf4 26. Qxf4 h6 27. g5 hxg5 28. Qxg5 Nh7 29. Qh4 g6 30. Rg1 Kh8 31. Ne3 Qd6+ 32. Kh1 Qf6 33. Qg3 Qe5 34. Qh4 Qf6 35. Qg3 c5 36. Ng4 Qg5 37. Qc7 Qe7 38. Qg3 c4 39. dxc4 Qxe4+ 40. Bf3 Qxc4 41. Nh6 Qe6 42. Bg4 Qe3 43. Nxf7+ Kg7 44. Qxe3 1-0

[Event "Asker Autumn A"]
[Site "Asker"]
[Date "2017.09.25"]
[Round "4"]
[White "Hestvik, Elias"]
[Black "Jorgensen, Rune A"]
[Result "1-0"]
[WhiteElo "1354"]
[BlackElo "1536"]
[PlyCount "83"]
[EventDate "2017.08.28"]
[EventType "swiss"]
[EventRounds "9"]
[EventCountry "NOR"]
[SourceTitle "EXT 2024"]
[Source "ChessBase"]
[SourceDate "2023.10.10"]
[SourceVersion "1"]
[SourceVersionDate "2023.10.10"]
[SourceQuality "1"]

1. d4 d5 2. c4 e6 3. Nf3 Nf6 4. e3 c5 5. Nc3 cxd4 6. exd4 dxc4 7. Bxc4 Nc6 8. 0-0 Be7 9. d5 exd5 10. Nxd5 Nxd5 11. Bxd5 0-0 12. Bxc6 Qxd1 13. Rxd1 bxc6 14. Bf4 Bg4 15. Rd3 Rad8 16. Rxd8 Rxd8 17. Ne5 Rd1+ 18. Rxd1 Bxd1 19. Nxc6 Bc5 20. Be3 Bxe3 21. fxe3 a6 22. Kf2 Ba4 23. Nb4 Bb5 24. a4 Bc4 25. Kf3 Kf8 26. Ke4 Ke7 27. Kd4 Bf1 28. g3 Kd6 29. Na2 f6 30. b4 Kc6 31. Nc3 Bg2 32. b5+ axb5 33. axb5+ Kb6 34. Kc4 Bf1+ 35. Kb4 Bg2 36. Na4+ Kb7 37. Ka5 Bf1 38. Nc5+ Ka7 39. b6+ Kb8 40. Ne6 g5 41. Nf8 Bd3 42. Nd7+ 1-0

[Event "Oslo Sveins op 10th"]
[Site "Oslo"]
[Date "2017.06.27"]
[Round "8"]
[White "Grindbakken, Erik"]
[Black "Hestvik, Elias"]
[Result "1-0"]
[WhiteElo "1624"]
[BlackElo "1192"]
[PlyCount "67"]
[EventDate "2017.06.23"]
[EventType "swiss"]
[EventRounds "9"]
[EventCountry "NOR"]
[SourceTitle "CBM 179 Extra"]
[Source "ChessBase"]
[SourceDate "2017.08.23"]
[SourceVersion "1"]
[SourceVersionDate "2017.08.23"]
[SourceQuality "1"]

1. f4 d5 2. Nf3 c5 3. e3 Bg4 4. b3 e6 5. Bb5+ Nc6 6. Bxc6+ bxc6 7. 0-0 Nf6 8. Bb2 Bd6 9. Qe1 Bxf3 10. Rxf3 Rb8 11. d3 0-0 12. Nd2 Re8 13. Rd1 e5 14. f5 d4 15. e4 h6 16. Nc4 Nh5 17. Bc1 Ra8 18. Rh3 Nf6 19. Qg3 Kh7 20. Qh4 Ng8 21. Bg5 Be7 22. Bxe7 Qxe7 23. Qf2 Nf6 24. Qf3 Nd7 25. Rf1 a5 26. a4 Qf6 27. Kh1 Reb8 28. g4 Nb6 29. g5 Qxg5 30. Nxe5 Qf6 31. Ng4 Qd6 32. f6 Nd7 33. fxg7 Kxg7 34. Qxf7+ 1-0